[Event "Montcalm III 2003-04"]
[Site "Quebec CAN"]
[Date "2003.11.20"]
[Round "1"]
[White "Lapierre, Gaetan"]
[Black "Younsi, Malik"]
[Result "1-0"]
[WhiteElo "1880"]
[BlackElo "1467"]
[PlyCount "97"]
[EventDate "2003.11.20"]
[EventType "swiss"]
[EventRounds "5"]
[EventCountry "CAN"]

1. Nf3 Nf6 2. c4 e6 3. g3 d5 4. Bg2 c6 5. b3 g6 6. Bb2 Bg7 7. O-O O-O 8. d3
Nbd7 9. Nbd2 b6 10. Rc1 Bb7 11. cxd5 exd5 12. Ne5 Nxe5 13. Bxe5 Re8 14. Bb2 c5
15. d4 Ba6 16. Re1 Ne4 17. Nf3 Rc8 18. Ne5 cxd4 19. Nc6 Qd6 20. Nxd4 Rxc1 21.
Qxc1 Qc5 22. Qa1 Bh6 23. e3 Qd6 24. Nf3 Nc5 25. Bd4 Nd3 26. Rd1 Nb4 27. Qb2 Nd3
28. Qd2 Qb4 29. Bc3 Qc5 30. Bd4 Qb4 31. Bf1 Qxd2 32. Rxd2 Nb4 33. Bxa6 Nxa6 34.
Bb2 Rd8 35. Ne5 Nc7 36. Nc6 Re8 37. Rc2 Ne6 38. Nxa7 Ra8 39. Rc8+ Rxc8 40. Nxc8
b5 41. Ne7+ Kf8 42. Nxd5 Bg7 43. Bxg7+ Kxg7 44. a4 bxa4 45. bxa4 Kf8 46. a5 Nc5
47. Nc7 Ke7 48. a6 Nxa6 49. Nxa6 1-0

[Event "Montcalm III 2003-04"]
[Site "Quebec CAN"]
[Date "2003.11.20"]
[Round "1"]
[White "Theriault, Francis"]
[Black "Carrier, Claude"]
[Result "1-0"]
[WhiteElo "1563"]
[BlackElo "1726"]
[PlyCount "83"]
[EventDate "2003.11.20"]
[EventType "swiss"]
[EventRounds "5"]
[EventCountry "CAN"]

1. d4 Nf6 2. c4 g6 3. Nc3 d5 4. cxd5 Nxd5 5. e4 Nxc3 6. bxc3 c5 7. Bc4 Bg7 8.
Ne2 O-O 9. O-O Nc6 10. Be3 Bg4 11. f3 cxd4 12. cxd4 Na5 13. Bxf7+ Rxf7 14. fxg4
Rxf1+ 15. Kxf1 e5 16. d5 Nc4 17. Qb3 Nxe3+ 18. Qxe3 Qh4 19. Qg3 Rf8+ 20. Kg1
Qxg3 21. Nxg3 Bh6 22. Nf1 b5 23. Rb1 a6 24. Rb3 Bc1 25. Rf3 a5 26. Rxf8+ Kxf8
27. Kf2 b4 28. Ke2 a4 29. Kd1 Bf4 30. Kc2 Ke7 31. Nd2 Be3 32. Nc4 Bd4 33. Nb2
b3+ 34. Kb1 Kd6 35. Nxa4 bxa2+ 36. Kxa2 Bg1 37. h3 Kd7 38. Kb3 Kd6 39. Kc4 Bd4
40. Kb5 Bf2 41. Nb6 Bd4 42. g5 1-0

[Event "Montcalm III 2003-04"]
[Site "Quebec CAN"]
[Date "2003.11.27"]
[Round "2"]
[White "Bourassa, Andre"]
[Black "Chevalier, Philippe"]
[Result "0-1"]
[WhiteElo "1749"]
[BlackElo "1361"]
[PlyCount "99"]
[EventDate "2003.11.20"]
[EventType "swiss"]
[EventRounds "5"]
[EventCountry "CAN"]

1. d4 d5 2. c4 e6 3. Nc3 Nf6 4. Bg5 c6 5. e3 Be7 6. Nf3 O-O 7. Rc1 Nbd7 8. Bd3
dxc4 9. Bxc4 Bb4 10. O-O Qc7 11. Bd3 Re8 12. Qc2 h6 13. Bf4 Qa5 14. a3 Bxc3 15.
Qxc3 Qxc3 16. bxc3 Nd5 17. Bg3 b6 18. c4 Ne7 19. Nd2 Bb7 20. e4 e5 21. dxe5
Rad8 22. Nf3 Nc5 23. Bb1 Rd7 24. Rcd1 Red8 25. Rd6 Nc8 26. Rxd7 Rxd7 27. h3 Ba6
28. e6 Nxe6 29. Ne5 Rd4 30. Rc1 c5 31. Nc6 Rxc4 32. Rxc4 Bxc4 33. Bc2 f6 34. e5
Bb5 35. Nb8 Nd4 36. Bd1 f5 37. f4 Kf7 38. a4 Bc4 39. Bf2 Ke6 40. Bxd4 cxd4 41.
Kf2 Ne7 42. Bf3 g5 43. g3 gxf4 44. gxf4 b5 45. Nc6 Nxc6 46. Bxc6 b4 47. Bf3 b3
48. Bd1 d3 49. Bxb3 Bxb3 50. a5 0-1

[Event "Montcalm III 2003-04"]
[Site "Quebec CAN"]
[Date "2003.11.27"]
[Round "2"]
[White "Chouinard, Bastien"]
[Black "Auger, Bertrand"]
[Result "0-1"]
[WhiteElo "1695"]
[BlackElo "2059"]
[PlyCount "88"]
[EventDate "2003.11.20"]
[EventType "swiss"]
[EventRounds "5"]
[EventCountry "CAN"]

1. d4 e6 2. e4 d5 3. e5 c5 4. c3 Nc6 5. Nf3 Qb6 6. Be2 Nh6 7. O-O cxd4 8. cxd4
Nf5 9. Kh1 Ncxd4 10. Nxd4 Nxd4 11. Be3 Bc5 12. Nc3 Bd7 13. Na4 Bxa4 14. Qxa4+
Nc6 15. Bc1 O-O 16. f4 Qb4 17. Qd1 Qd4 18. Qb3 Qb4 19. Qh3 f5 20. a3 Qb6 21. g4
Ne7 22. Bd3 g6 23. b4 Bd4 24. Ra2 Rac8 25. Rg2 Qc7 26. Bd2 fxg4 27. Rxg4 Nf5
28. Rf3 Qg7 29. Qg2 Rc7 30. h4 Qh6 31. Rh3 Rg7 32. Rg5 Bb6 33. Rg4 Kh8 34. Qf3
Rgg8 35. Kh2 Qh5 36. Qg2 Nh6 37. Rg5 Qd1 38. Rhg3 Bd8 39. h5 Bxg5 40. Rxg5 gxh5
41. f5 Ng4+ 42. Kh3 Qb3 43. Rxg8+ Rxg8 44. Qf3 Qxd3 0-1

[Event "Montcalm III 2003-04"]
[Site "Quebec CAN"]
[Date "2003.11.27"]
[Round "2"]
[White "Laflamme, Simon"]
[Black "Grant, James"]
[Result "1-0"]
[WhiteElo "1870"]
[BlackElo "1654"]
[PlyCount "33"]
[EventDate "2003.11.20"]
[EventType "swiss"]
[EventRounds "5"]
[EventCountry "CAN"]

1. e4 e5 2. Nf3 Nc6 3. Bc4 Nf6 4. d4 exd4 5. O-O Nxe4 6. Re1 d5 7. Bxd5 Qxd5 8.
Nc3 Qd8 9. Nxe4 Be6 10. Neg5 Qf6 11. Nxf7 Kxf7 12. Ng5+ Kg8 13. Rxe6 Qf5 14. g4
Qc5 15. Qf3 Nd8 16. Re8 Qe7 17. Qb3+ 1-0

[Event "Montcalm III 2003-04"]
[Site "Quebec CAN"]
[Date "2003.11.27"]
[Round "2"]
[White "Sauve, Richard"]
[Black "Caron, Sebastien"]
[Result "1/2-1/2"]
[WhiteElo "1903"]
[BlackElo "1752"]
[PlyCount "120"]
[EventDate "2003.11.20"]
[EventType "swiss"]
[EventRounds "5"]
[EventCountry "CAN"]

1. d4 c5 2. d5 e6 3. c4 exd5 4. cxd5 d6 5. Nc3 Nf6 6. e4 g6 7. Be2 Bg7 8. Nf3
O-O 9. O-O Re8 10. Nd2 a6 11. a4 b6 12. f3 Ra7 13. Nc4 Rb7 14. Bf4 Bf8 15. Qd2
Rd7 16. Rad1 Rb7 17. Rfe1 b5 18. axb5 axb5 19. Nxb5 Rxb5 20. Nxd6 Rxb2 21. Qxb2
Bxd6 22. e5 Nh5 23. g3 Nxf4 24. gxf4 Bc7 25. Bb5 Bd7 26. Bc4 Qh4 27. d6 Bxd6
28. e6 Bxe6 29. Rxe6 fxe6 30. Rxd6 Qe1+ 31. Kg2 Kf7 32. Qb7+ Kf6 33. Qb5 Kf7
34. Qb7+ Kf6 35. Qxh7 Qe3 36. Qh4+ Kg7 37. Qg5 Qc1 38. Qe5+ Kh7 39. Bxe6 Qc2+
40. Kg3 Qc1 41. Qe2 Qg1+ 42. Kh3 Rh8 43. Qb2 Qf1+ 44. Kg3 Qg1+ 45. Qg2 Qe1+ 46.
Qf2 Qc3 47. Bf7 g5 48. Kg4 Kg7 49. Bd5 gxf4 50. Be4 Qe5 51. Rg6+ Kf8 52. Rg5
Rg8 53. h4 Nd7 54. Rxg8+ Kxg8 55. Qa2+ Kf8 56. Qa8+ Ke7 57. Qb7 Kd8 58. Qa8+
Ke7 59. Qb7 Kd8 60. Qa8+ Ke7 1/2-1/2

[Event "Montcalm III 2003-04"]
[Site "Quebec CAN"]
[Date "2003.12.04"]
[Round "3"]
[White "Auger, Bertrand"]
[Black "Dion, Jean-Francois"]
[Result "1-0"]
[WhiteElo "2106"]
[BlackElo "1931"]
[PlyCount "61"]
[EventDate "2003.11.20"]
[EventType "swiss"]
[EventRounds "5"]
[EventCountry "CAN"]

1. Nf3 Nf6 2. g3 g6 3. b4 Bg7 4. Bb2 O-O 5. Bg2 d6 6. O-O c6 7. c4 Na6 8. a3
Nc7 9. d3 Bd7 10. Nbd2 Qc8 11. Re1 Re8 12. Qc2 a6 13. Rac1 Ne6 14. d4 c5 15.
bxc5 dxc5 16. d5 Nc7 17. e4 Bh3 18. Bc3 b5 19. Qb2 Rb8 20. Qa1 bxc4 21. Nxc4
Nb5 22. Be5 Rb7 23. a4 Bxg2 24. Kxg2 Nc7 25. h3 Qd7 26. d6 Ne6 27. dxe7 Rb4 28.
Bxf6 Rxa4 29. Qe5 Bh6 30. Rcd1 Qb5 31. Nd6 1-0

[Event "Montcalm III 2003-04"]
[Site "Quebec CAN"]
[Date "2003.12.04"]
[Round "3"]
[White "Berube, Antoine"]
[Black "Theriault, Francis"]
[Result "1/2-1/2"]
[WhiteElo "1853"]
[BlackElo "1495"]
[PlyCount "97"]
[EventDate "2003.11.20"]
[EventType "swiss"]
[EventRounds "5"]
[EventCountry "CAN"]

1. d4 d5 2. c4 e6 3. Nc3 Nf6 4. cxd5 exd5 5. Bg5 Be7 6. e3 c6 7. Qc2 Nbd7 8.
Bd3 O-O 9. Nf3 Re8 10. O-O g6 11. Rab1 Nf8 12. b4 Ne6 13. Bh4 Ng7 14. Rfc1 Bf5
15. b5 Nd7 16. Bxe7 Qxe7 17. bxc6 bxc6 18. Rb7 Bxd3 19. Qxd3 Nf5 20. Qd2 Nd6
21. Rc7 Nc4 22. Qe2 Qd6 23. Rb7 Ndb6 24. Ng5 Re7 25. Rxe7 Qxe7 26. Nf3 f5 27.
Nb1 Re8 28. g3 g5 29. Ne5 Nxe5 30. dxe5 Qxe5 31. Rxc6 f4 32. Na3 fxe3 33. fxe3
Qxe3+ 34. Qxe3 Rxe3 35. Nb5 Nc4 36. Rc8+ Kf7 37. Rd8 a6 38. Nc7 Ra3 39. Rxd5
Rxa2 40. Rxg5 a5 41. h4 a4 42. Nb5 a3 43. Rg4 Ra1+ 44. Kf2 a2 45. Rxc4 Rf1+ 46.
Kxf1 a1=Q+ 47. Ke2 Qb2+ 48. Ke3 Qxb5 49. Rf4+ 1/2-1/2

[Event "Montcalm III 2003-04"]
[Site "Quebec CAN"]
[Date "2003.12.11"]
[Round "3"]
[White "Caron, Sebastien"]
[Black "Berube, Antoine"]
[Result "0-1"]
[WhiteElo "1752"]
[BlackElo "1853"]
[PlyCount "60"]
[EventDate "2003.11.20"]
[EventType "swiss"]
[EventRounds "5"]
[EventCountry "CAN"]

1. e4 c5 2. Nf3 d6 3. d4 cxd4 4. Nxd4 Nf6 5. Nc3 a6 6. Be2 e5 7. Nf3 Be7 8. Bg5
Nbd7 9. O-O O-O 10. Nh4 Nc5 11. Bxf6 Bxf6 12. Nf3 b5 13. b4 Ne6 14. Nd5 Nf4 15.
Nxf6+ Qxf6 16. Nd2 Qg6 17. g3 Bh3 18. Re1 Rac8 19. Bf1 f5 20. f3 Bxf1 21. Kxf1
Ne6 22. Kg2 Nd4 23. Rc1 Rc3 24. Rf1 Rfc8 25. exf5 Nxf5 26. Re1 Nd4 27. Ne4
Rxc2+ 28. Rxc2 Rxc2+ 29. Kg1 Qh5 30. Nd2 Rxd2 0-1

[Event "Montcalm III 2003-04"]
[Site "Quebec CAN"]
[Date "2003.12.04"]
[Round "3"]
[White "Heilmann, Uwe"]
[Black "Bourassa, Andre"]
[Result "0-1"]
[WhiteElo "1384"]
[BlackElo "1749"]
[PlyCount "76"]
[EventDate "2003.11.20"]
[EventType "swiss"]
[EventRounds "5"]
[EventCountry "CAN"]

1. Nf3 d5 2. d4 e6 3. g3 Nf6 4. Nc3 c5 5. Bg2 Nc6 6. e3 a6 7. O-O Bd6 8. Re1
O-O 9. e4 cxd4 10. Nxd4 Nxd4 11. Qxd4 e5 12. Qd1 d4 13. Nd5 Nxd5 14. exd5 Qc7
15. Bd2 b5 16. c3 Qb6 17. cxd4 Qxd4 18. Bc3 Qxd1 19. Raxd1 f6 20. b4 Ra7 21. a3
Rc7 22. Rc1 Bd7 23. Bd2 Rfc8 24. Rxc7 Rxc7 25. Rc1 Rc4 26. Rxc4 bxc4 27. Bc3
Kf7 28. Kf1 Ke7 29. Ke2 Bc7 30. Bd2 Bb6 31. Be3 Bd4 32. f4 Kd6 33. h3 Bc8 34.
g4 Bb7 35. g5 Bxd5 36. Bf3 Bxf3+ 37. Kxf3 Bxe3 38. Kxe3 exf4+ 0-1

[Event "Montcalm III 2003-04"]
[Site "Quebec CAN"]
[Date "2003.12.04"]
[Round "3"]
[White "Laplante, Jean-Simon"]
[Black "Laflamme, Simon"]
[Result "1-0"]
[WhiteElo "1538"]
[BlackElo "1870"]
[PlyCount "66"]
[EventDate "2003.11.20"]
[EventType "swiss"]
[EventRounds "5"]
[EventCountry "CAN"]

1. e4 c5 2. Nf3 Nc6 3. d4 cxd4 4. Nxd4 e5 5. Nb5 a6 6. Nd6+ Bxd6 7. Qxd6 Qf6 8.
Qd1 Qg6 9. Nc3 d5 10. Nxd5 Qxe4+ 11. Ne3 Nf6 12. a3 Be6 13. Qd3 Rd8 14. Qxe4
Nxe4 15. g3 O-O 16. Bg2 Nf6 17. Bxc6 bxc6 18. Bd2 Ne4 19. Rd1 Rd7 20. Ba5 Rxd1+
21. Nxd1 f5 22. Nc3 Nxc3 23. Bxc3 Bd5 24. O-O e4 25. Rd1 Kf7 26. Rd4 g5 27. Ra4
Ra8 28. Rb4 Ra7 29. Bd4 Rd7 30. Rb6 Bc4 31. Be3 Rd1+ 32. Kg2 Bf1+ 33. Kg1 Bh3#
1-0

[Event "Montcalm III 2003-04"]
[Site "Quebec CAN"]
[Date "2003.12.11"]
[Round "4"]
[White "Bourassa, Andre"]
[Black "Fortier, Bertrand"]
[Result "1-0"]
[WhiteElo "1749"]
[BlackElo "1440"]
[PlyCount "45"]
[EventDate "2003.11.20"]
[EventType "swiss"]
[EventRounds "5"]
[EventCountry "CAN"]

1. d4 d5 2. c4 c6 3. Nc3 Nf6 4. Nf3 g6 5. cxd5 cxd5 6. Bf4 a6 7. Qd2 Bg7 8. Rc1
Nc6 9. e3 O-O 10. Bd3 Bg4 11. Ne5 Nxe5 12. Bxe5 Nh5 13. Bxg7 Nxg7 14. Na4 Bd7
15. Nc5 Bc6 16. O-O Re8 17. a3 e5 18. dxe5 Rxe5 19. Nxa6 Qh4 20. Qb4 Qf6 21.
Nc5 Rg5 22. Nxb7 Rb8 23. Qd6 1-0

[Event "Montcalm III 2003-04"]
[Site "Quebec CAN"]
[Date "2003.12.11"]
[Round "4"]
[White "Laflamme, Simon"]
[Black "Auger, Bertrand"]
[Result "1-0"]
[WhiteElo "1880"]
[BlackElo "2059"]
[PlyCount "49"]
[EventDate "2003.11.20"]
[EventType "swiss"]
[EventRounds "5"]
[EventCountry "CAN"]

1. e4 e6 2. d4 d5 3. Nc3 Bb4 4. Nge2 dxe4 5. a3 Be7 6. Nxe4 Nf6 7. N2g3 Nbd7 8.
Bd3 O-O 9. O-O h6 10. Qe2 c5 11. Nxf6+ Nxf6 12. dxc5 Bxc5 13. Ne4 Nxe4 14. Qxe4
f5 15. Qe2 Qf6 16. Bc4 Kh8 17. Bf4 Qxb2 18. Be5 Qb6 19. Rab1 Qc6 20. Qh5 Kh7
21. Rb3 Qe8 22. Rg3 g5 23. Rxg5 Rg8 24. Rg7+ Rxg7 25. Qxe8 1-0

[Event "Montcalm III 2003-04"]
[Site "Quebec CAN"]
[Date "2003.12.04"]
[Round "4"]
[White "Lapierre, Gaetan"]
[Black "Moisan, Francois"]
[Result "0-1"]
[WhiteElo "1880"]
[BlackElo "1783"]
[PlyCount "88"]
[EventDate "2003.11.20"]
[EventType "swiss"]
[EventRounds "5"]
[EventCountry "CAN"]

1. d4 Nf6 2. c4 g6 3. Nc3 Bg7 4. e4 d6 5. Nf3 O-O 6. Be2 e5 7. dxe5 dxe5 8.
Qxd8 Rxd8 9. Bg5 c6 10. Nxe5 Re8 11. Rd1 Na6 12. Nf3 Nc5 13. Nd2 h6 14. Be3
Nfxe4 15. Ndxe4 Nxe4 16. Nxe4 Rxe4 17. Rd8+ Kh7 18. b3 Bc3+ 19. Kd1 Bf6 20. Rd6
Be7 21. Rd2 Bb4 22. Rc2 Bf5 23. Bd3 Rd8 24. Ke2 Rxe3+ 25. Kxe3 Rxd3+ 26. Ke2
Rxb3 27. axb3 Bxc2 28. Rc1 Bxb3 29. Kd3 a5 30. Kd4 a4 31. c5 f6 32. f4 Bd2 33.
Rf1 Ba5 34. Rc1 b5 35. cxb6 Bxb6+ 36. Kc3 c5 37. Kb2 c4 38. Kc3 Be3 39. Rf1 a3
40. g3 g5 41. fxg5 fxg5 42. Re1 a2 43. Rf1 Kg6 44. g4 Bf4 0-1

[Event "Montcalm III 2003-04"]
[Site "Quebec CAN"]
[Date "2003.12.11"]
[Round "4"]
[White "Moisan, Francois"]
[Black "Sauve, Richard"]
[Result "0-1"]
[WhiteElo "1783"]
[BlackElo "1903"]
[PlyCount "68"]
[EventDate "2003.11.20"]
[EventType "swiss"]
[EventRounds "5"]
[EventCountry "CAN"]

1. e4 e6 2. d4 d5 3. Nd2 Nf6 4. e5 Nfd7 5. Bd3 c5 6. c3 Nc6 7. Ngf3 cxd4 8.
cxd4 g6 9. O-O Bg7 10. Re1 O-O 11. Nb3 f6 12. exf6 Qxf6 13. Bg5 Qf7 14. Qe2 e5
15. dxe5 Ndxe5 16. Nxe5 Nxe5 17. Be3 Nxd3 18. Qxd3 Bxb2 19. Rad1 Rd8 20. Nd4
Bf5 21. Qb3 Bxd4 22. Rxd4 Rac8 23. Rd2 a6 24. Bg5 Re8 25. Be3 Rc4 26. Red1 Be4
27. Bb6 Rec8 28. f3 Bc2 29. Rxc2 Rxc2 30. Rxd5 Rc1+ 31. Kf2 R1c3 32. Rd8+ Rxd8
33. Qxc3 Qxa2+ 34. Kg3 Re8 0-1

[Event "Montcalm III 2003-04"]
[Site "Quebec CAN"]
[Date "2003.12.18"]
[Round "5"]
[White "Auger, Bertrand"]
[Black "Moisan, Francois"]
[Result "1-0"]
[WhiteElo "2059"]
[BlackElo "1783"]
[PlyCount "47"]
[EventDate "2003.11.20"]
[EventType "swiss"]
[EventRounds "5"]
[EventCountry "CAN"]

1. Nf3 Nf6 2. g3 g6 3. b4 Bg7 4. Bb2 O-O 5. Bg2 d6 6. O-O e5 7. d3 Nc6 8. b5
Ne7 9. Nbd2 Nh5 10. e4 Qe8 11. c4 f5 12. Qb3 Nf6 13. c5+ Kh8 14. cxd6 cxd6 15.
a4 f4 16. Rac1 fxg3 17. hxg3 Nd7 18. d4 exd4 19. Bxd4 Bxd4 20. Nxd4 Nc5 21. Qc3
Kg8 22. e5 dxe5 23. Qxc5 exd4 24. Rce1 1-0

[Event "Montcalm III 2003-04"]
[Site "Quebec CAN"]
[Date "2003.12.18"]
[Round "5"]
[White "Berube, Antoine"]
[Black "Carrier, Claude"]
[Result "1/2-1/2"]
[WhiteElo "1853"]
[BlackElo "2093"]
[PlyCount "80"]
[EventDate "2003.11.20"]
[EventType "swiss"]
[EventRounds "5"]
[EventCountry "CAN"]

1. d4 Nf6 2. c4 g6 3. Nc3 d5 4. cxd5 Nxd5 5. e4 Nxc3 6. bxc3 c5 7. Bc4 Bg7 8.
Ne2 O-O 9. O-O Nc6 10. Be3 Bg4 11. f3 cxd4 12. cxd4 Bd7 13. Qd2 Na5 14. Bd3 Bc6
15. Rac1 a6 16. d5 Bd7 17. Bf4 Qb6+ 18. Kh1 Rfc8 19. Rxc8+ Rxc8 20. Rc1 Rxc1+
21. Qxc1 Qb4 22. h3 e5 23. Bd2 Qa4 24. Qc3 b6 25. Be3 b5 26. Qc7 Qd1+ 27. Kh2
Qxd3 28. Qd8+ Bf8 29. Bh6 Qa3 30. Bxf8 Qxf8 31. Qxd7 Nc4 32. a4 Qc5 33. axb5
axb5 34. Nc3 Qf2 35. Nd1 Qc5 36. Qe8+ Kg7 37. Nb2 Qd4 38. Nxc4 bxc4 39. Qc6 c3
40. d6 c2 1/2-1/2

[Event "Montcalm III 2003-04"]
[Site "Quebec CAN"]
[Date "2003.12.18"]
[Round "5"]
[White "Bourassa, Andre"]
[Black "Potvin, Guillaume"]
[Result "1-0"]
[WhiteElo "1749"]
[BlackElo "1422"]
[PlyCount "41"]
[EventDate "2003.11.20"]
[EventType "swiss"]
[EventRounds "5"]
[EventCountry "CAN"]

1. d4 d5 2. c4 e6 3. Nc3 Nf6 4. Bg5 c5 5. cxd5 exd5 6. e3 Be6 7. Qf3 Be7 8.
dxc5 Bxc5 9. Bxf6 gxf6 10. Bb5+ Nc6 11. Nge2 O-O 12. Bxc6 bxc6 13. O-O Kh8 14.
Nd4 Bd7 15. Nf5 Rg8 16. e4 Be6 17. exd5 cxd5 18. Rad1 Qb6 19. Nxd5 Qc6 20. Nfe3
Rad8 21. Qxf6+ 1-0

[Event "Montcalm III 2003-04"]
[Site "Quebec CAN"]
[Date "2003.12.18"]
[Round "5"]
[White "Lapierre, Gaetan"]
[Black "Dion, Jean-Francois"]
[Result "1/2-1/2"]
[WhiteElo "1880"]
[BlackElo "1930"]
[PlyCount "70"]
[EventDate "2003.11.20"]
[EventType "swiss"]
[EventRounds "5"]
[EventCountry "CAN"]

1. Nf3 Nf6 2. c4 g6 3. d4 Bg7 4. Nc3 O-O 5. e4 d6 6. Be2 Nbd7 7. O-O e5 8. dxe5
Nxe5 9. Nxe5 dxe5 10. Qxd8 Rxd8 11. Bg5 c6 12. Rad1 Be6 13. a4 h6 14. Be3 Rd7
15. Rxd7 Nxd7 16. Nd5 Bxd5 17. cxd5 cxd5 18. exd5 Nb6 19. Bxb6 axb6 20. Bb5 Bf8
21. Rc1 Bd6 22. b3 Rd8 23. Bc4 Kg7 24. Re1 f5 25. f3 Kf6 26. h3 h5 27. Re2 h4
28. Kf1 g5 29. Kf2 Bc5+ 30. Ke1 Rg8 31. Kd2 Re8 32. Kd3 Rg8 33. Kc3 Re8 34. Kd3
Rg8 35. Kc3 Re8 1/2-1/2

[Event "Montcalm III 2003-04"]
[Site "Quebec CAN"]
[Date "2003.12.18"]
[Round "5"]
[White "Sauve, Richard"]
[Black "Laflamme, Simon"]
[Result "1-0"]
[WhiteElo "1903"]
[BlackElo "1870"]
[PlyCount "109"]
[EventDate "2003.11.20"]
[EventType "swiss"]
[EventRounds "5"]
[EventCountry "CAN"]

1. d4 Nf6 2. c4 c5 3. d5 b5 4. cxb5 a6 5. bxa6 e6 6. Nc3 Nxd5 7. Nxd5 exd5 8.
Qxd5 Nc6 9. e3 Be7 10. Nf3 Bxa6 11. Bxa6 Qa5+ 12. Bd2 Qxa6 13. Ne5 O-O 14. Nc4
Bf6 15. f4 Ne7 16. Qd3 d5 17. Ne5 Bxe5 18. Qxa6 Rxa6 19. fxe5 Nc6 20. Ke2 Nxe5
21. Rhc1 c4 22. Bc3 Nd3 23. Rf1 Rfa8 24. Rf5 Nxb2 25. Rxd5 Nd3 26. a4 Re6 27.
Rd4 Rae8 28. Bd2 Nc5 29. Rxc4 Nb3 30. Ra3 Nxd2 31. Kxd2 Rd6+ 32. Rd4 Rb6 33.
Rc4 f5 34. a5 Rg6 35. g3 Rh6 36. h4 Rg6 37. a6 Ra8 38. a7 Rd6+ 39. Rd4 Rf6 40.
Rb4 Rf7 41. Rb8+ Rf8 42. Rxa8 Rxa8 43. Kd3 Kf7 44. Kd4 Kg6 45. Ke5 Re8+ 46. Kf4
Ra8 47. Ra6+ Kf7 48. Kxf5 Ke7 49. e4 Kd7 50. e5 Kc7 51. Ra3 Kb7 52. Ke6 g6 53.
Kf7 Kc7 54. e6 Kd6 55. e7 1-0

[Event "Montcalm IV 2002-03"]
[Site "Quebec CAN"]
[Date "2003.01.16"]
[Round "1"]
[White "Angers, Gilles"]
[Black "Audet-Bouchard, Nicolas"]
[Result "1-0"]
[WhiteElo "2015"]
[BlackElo "2034"]
[PlyCount "57"]
[EventDate "2003.01.16"]
[EventType "tourn"]
[EventRounds "5"]
[EventCountry "CAN"]

1. e4 c5 2. Nc3 Nc6 3. g3 g6 4. Bg2 Bg7 5. d3 e6 6. f4 d6 7. Nf3 Nge7 8. O-O
O-O 9. Be3 Nd4 10. e5 Bd7 11. Ne4 Nxf3+ 12. Qxf3 dxe5 13. Bxc5 Rc8 14. fxe5 b6
15. Bxe7 Qxe7 16. Nf6+ Bxf6 17. exf6 Qb4 18. Qe3 Kh8 19. Qh6 Rg8 20. Rf4 Qd2
21. c3 g5 22. Be4 Qe3+ 23. Kf1 Qxe4 24. Rxe4 Bc6 25. Qh5 Bxe4 26. dxe4 Rg6 27.
Qf3 g4 28. Qf4 h6 29. Rd1 1-0

[Event "Montcalm IV 2002-03"]
[Site "Quebec CAN"]
[Date "2003.01.16"]
[Round "1"]
[White "Boudreau, Daniel"]
[Black "Auger, Bertrand"]
[Result "1/2-1/2"]
[WhiteElo "2051"]
[BlackElo "2086"]
[PlyCount "92"]
[EventDate "2003.01.16"]
[EventType "tourn"]
[EventRounds "5"]
[EventCountry "CAN"]

1. e4 e6 2. d4 d5 3. e5 b6 4. Bb5+ c6 5. Ba4 a5 6. c3 Ba6 7. Ne2 Ne7 8. O-O Ng6
9. f4 Qd7 10. Bc2 c5 11. f5 Ne7 12. fxe6 fxe6 13. Rf2 Nbc6 14. Nf4 g6 15. Be3
Nf5 16. Bxf5 gxf5 17. Nd2 Qf7 18. Kh1 h5 19. Nf3 Rg8 20. Rc1 Be7 21. c4 Bxc4
22. Rxc4 dxc4 23. d5 O-O-O 24. Qa4 Nb4 25. d6 Bg5 26. Nxg5 Rxg5 27. a3 Qe8 28.
Qxe8 Rxe8 29. axb4 axb4 30. Nd5 exd5 31. Bxg5 Rxe5 32. h4 Kd7 33. Bf4 Re1+ 34.
Kh2 c3 35. Bg3 cxb2 36. Rxb2 Rf1 37. Be5 Re1 38. Bg3 Re4 39. Rf2 c4 40. Rxf5 c3
41. Rf7+ Kd8 42. Rb7 c2 43. Rb8+ Kd7 44. Rb7+ Kd8 45. Rb8+ Kd7 46. Rb7+ Kd8
1/2-1/2

[Event "Montcalm IV 2002-03"]
[Site "Quebec CAN"]
[Date "2003.01.16"]
[Round "1"]
[White "Bourassa, Andre"]
[Black "Berube, Antoine"]
[Result "1-0"]
[WhiteElo "1686"]
[BlackElo "1682"]
[PlyCount "102"]
[EventDate "2003.01.16"]
[EventType "tourn"]
[EventRounds "5"]
[EventCountry "CAN"]

1. d4 g6 2. c4 Bg7 3. Nc3 d6 4. e4 Nc6 5. Be3 e5 6. d5 Nce7 7. Bd3 f5 8. exf5
Nxf5 9. Bd2 Nf6 10. Ne4 Nxe4 11. Bxe4 Nd4 12. Ne2 O-O 13. Nxd4 Qh4 14. Qe2 exd4
15. O-O Re8 16. f3 Bf5 17. Rae1 Re5 18. Qd3 Bxe4 19. Rxe4 Rxe4 20. Qxe4 Qxe4
21. fxe4 Re8 22. Re1 c6 23. b3 cxd5 24. exd5 Rxe1+ 25. Bxe1 Kf7 26. Kf2 Be5 27.
h3 Kf6 28. Kf3 b6 29. Ke4 h5 30. Bf2 a5 31. a3 Kg5 32. b4 axb4 33. axb4 Bf4 34.
Bxd4 Bd2 35. Be3+ Bxe3 36. Kxe3 Kf5 37. Kd4 Kf4 38. c5 bxc5+ 39. bxc5 dxc5+ 40.
Kxc5 Kg3 41. d6 Kxg2 42. d7 g5 43. d8=Q g4 44. hxg4 hxg4 45. Qd5+ Kh2 46. Qh5+
Kg3 47. Kd4 Kf4 48. Qf7+ Kg3 49. Ke3 Kh3 50. Kf4 g3 51. Qh5+ Kg2 1-0

[Event "Montcalm IV 2002-03"]
[Site "Quebec CAN"]
[Date "2003.01.16"]
[Round "1"]
[White "Fecteau, Martin"]
[Black "Sauve, Richard"]
[Result "0-1"]
[WhiteElo "1948"]
[BlackElo "2000"]
[PlyCount "66"]
[EventDate "2003.01.16"]
[EventType "tourn"]
[EventRounds "5"]
[EventCountry "CAN"]

1. d4 e6 2. c4 d5 3. Nc3 c6 4. cxd5 exd5 5. Nf3 Bd6 6. g3 Ne7 7. Bg2 O-O 8. O-O
Bf5 9. Nh4 Be6 10. Qd3 Nd7 11. a3 Re8 12. f4 f5 13. Bh3 g6 14. e4 dxe4 15. Nxe4
Bc7 16. Bd2 Bd5 17. Ng5 Nf6 18. Ngf3 Be4 19. Qb3+ Qd5 20. Qxb7 Bb6 21. Bb4 Rab8
22. Qa6 Bxd4+ 23. Nxd4 Qxd4+ 24. Rf2 Bd3 25. Qa5 Ne4 26. Be1 Rxb2 27. Nf3 Qe3
28. Nd2 Rxd2 29. Qxd2 Nxd2 30. Bxd2 Qd4 31. Re1 Be4 32. Bf1 Nd5 33. Bc1 Rb8 0-1

[Event "Montcalm IV 2002-03"]
[Site "Quebec CAN"]
[Date "2003.02.20"]
[Round "1"]
[White "Foucreault, Laurent"]
[Black "Sauve, Richard"]
[Result "0-1"]
[WhiteElo "1438"]
[BlackElo "2000"]
[PlyCount "32"]
[EventDate "2003.01.16"]
[EventType "tourn"]
[EventRounds "5"]
[EventCountry "CAN"]

1. d4 e6 2. c4 d5 3. Nc3 c6 4. Nf3 dxc4 5. e4 b5 6. a4 Bb4 7. Bd2 Bxc3 8. Bxc3
Nf6 9. axb5 cxb5 10. Qc2 Bb7 11. Nd2 O-O 12. Be2 Nc6 13. b4 Nxd4 14. Bxd4 Qxd4
15. O-O Nxe4 16. Rfd1 Qxf2+ 0-1

[Event "Montcalm IV 2002-03"]
[Site "Quebec CAN"]
[Date "2003.01.16"]
[Round "1"]
[White "Martineau, Michel"]
[Black "Lessard, Claude"]
[Result "0-1"]
[WhiteElo "1872"]
[BlackElo "1922"]
[PlyCount "24"]
[EventDate "2003.01.16"]
[EventType "tourn"]
[EventRounds "5"]
[EventCountry "CAN"]

1. d4 d5 2. e4 dxe4 3. Nc3 e5 4. Bc4 Nc6 5. d5 Nd4 6. Nge2 Bg4 7. O-O Qh4 8.
Nb5 Nf3+ 9. gxf3 Bxf3 10. Nxc7+ Kd7 11. Qe1 Qh3 12. Bb5+ Kc8 0-1